Statistics for Marvel Cinematic Universe (MCU) Movies/Disney+ Shows

Click here to take the quiz!

General Stats

  • This quiz has been taken 500 times
    (335 since last reset)
  • The average score is 30 of 34

Answer Stats

YearMovie% Correct
2008Iron Man
98%
2010Iron Man 2
98%
2013Iron Man 3
98%
2011Captain America: The First Avenger
97%
2012The Avengers
97%
2011Thor
97%
2018Avengers: Infinity War
96%
2019Avengers: Endgame
95%
2016Captain America: Civil War
95%
2008The Incredible Hulk
95%
2015Avengers: Age of Ultron
94%
2018Black Panther
93%
2014Captain America: The Winter Soldier
93%
2013Thor: The Dark World
93%
2015Ant-Man
92%
2017Spider-Man: Homecoming
92%
2014Guardians of the Galaxy
91%
2017Thor: Ragnarok
91%
2018Ant-Man and the Wasp
90%
2020Black Widow
90%
2019Spider-Man: Far From Home
90%
2016Doctor Strange
88%
2017Guardians of the Galaxy: Vol. 2
88%
2021WandaVision
88%
2019Captain Marvel
87%
2021Loki
86%
2021Spider-Man: No Way Home
86%
2021Shang-Chi and the Legend of the Ten Rings
81%
2020The Eternals
81%
2020The Falcon and the Winter Soldier
80%
2021Hawkeye
76%
2021Thor: Love and Thunder
76%
2021Doctor Strange in the Multiverse of Madness
71%
2021What If...?
64%

Score Distribution

Percentile by Number Answered

Percent of People with Each Score

Your Score History

You have not taken this quiz since the last reset